| 000 | 00903 a2200229 4500 | ||
|---|---|---|---|
| 003 | Nust | ||
| 005 | 20220812105617.0 | ||
| 010 | _a 96009182 | ||
| 020 | _a0132543354 | ||
| 040 | _cNust | ||
| 082 | 0 | 0 | _a621.381325,GON |
| 100 | 1 |
_aGonzalez, Guillermo, _996952 |
|
| 245 | 1 | 0 |
_aMicrowave transistor amplifiers : _banalysis and design / _cGuillermo Gonzalez. |
| 250 | _a2nd ed. | ||
| 260 |
_aUpper Saddle River, N.J. : _bPrentice Hall, _cc1997. |
||
| 300 |
_ax, 506 p. : _bill. ; _c24 cm. |
||
| 505 | _aRepresentation of two-port networks (Page-1), Matching networks and signal flow graphs (Page-92), Microwave transistor amplifier design (Page-212), Noise, Broadband, and high-power design methods (Page-294), Microwave transistor oscillator design (Page-384). | ||
| 650 | 0 |
_aMicrowave amplifiers. _996953 |
|
| 650 | 0 |
_aTransistor amplifiers. _996678 |
|
| 651 |
_aE-Book _9401 |
||
| 942 |
_2ddc _cREF |
||
| 999 |
_c218028 _d218028 |
||